000 00511nam a2200205Ia 4500
008 160418s9999 xx 000 0 und d
020 _a971-8845-14-3
050 _aFIL PL 5539
050 _b.J67 1978
100 _aJose, Francisco Sionil.
245 _aTree /
245 _cFrancisco Sionil Jose.
260 _aManila :
260 _bSolidaridad Pub. House,
260 _c1978
300 _a135 pages :
300 _billustrations ;
300 _c22 cm.
650 _aPhilippine fiction (English).
999 _c293589
_d293589